Facilitating reflective learning : (Record no. 207763)
[ view plain ]
| 000 -LEADER | |
|---|---|
| fixed length control field | 00761nam a2200229Ia 4500 |
| 005 - DATE AND TIME OF LATEST TRANSACTION | |
| control field | 20220608095206.0 |
| 008 - FIXED-LENGTH DATA ELEMENTS--GENERAL INFORMATION | |
| fixed length control field | 210716s2012 xx 000 0 und d |
| 020 ## - INTERNATIONAL STANDARD BOOK NUMBER | |
| International Standard Book Number | 9780749465087 |
| 040 ## - CATALOGING SOURCE | |
| Transcribing agency | AIMIT LIBRARY |
| 041 ## - LANGUAGE CODE | |
| Language code of text/sound track or separate title | eng |
| 082 ## - DEWEY DECIMAL CLASSIFICATION NUMBER | |
| Classification number | 658.3124 |
| Edition number | 2 |
| Item number | BROA |
| 100 ## - MAIN ENTRY--PERSONAL NAME | |
| Personal name | Brockbank, Anne. |
| 9 (RLIN) | 41018 |
| 245 ## - TITLE STATEMENT | |
| Title | Facilitating reflective learning : |
| Remainder of title | coaching, mentoring and supervision / |
| Statement of responsibility, etc. | By Anne Brockbank and Ian Mcgill. |
| 250 ## - EDITION STATEMENT | |
| Edition statement | 2nd ed. |
| 260 ## - PUBLICATION, DISTRIBUTION, ETC. | |
| Place of publication, distribution, etc. | New Delhi : |
| Name of publisher, distributor, etc. | Kogan Page , |
| Date of publication, distribution, etc. | 2012. |
| 300 ## - PHYSICAL DESCRIPTION | |
| Extent | x, 321p. ; |
| Dimensions | 23 cm. |
| 650 ## - SUBJECT ADDED ENTRY--TOPICAL TERM | |
| Topical term or geographic name entry element | The revised situational framework |
| 9 (RLIN) | 41019 |
| 650 ## - SUBJECT ADDED ENTRY--TOPICAL TERM | |
| Topical term or geographic name entry element | Reflective dialogue and learning |
| 9 (RLIN) | 41020 |
| 650 ## - SUBJECT ADDED ENTRY--TOPICAL TERM | |
| Topical term or geographic name entry element | Mentoring models |
| 9 (RLIN) | 41021 |
| 700 ## - ADDED ENTRY--PERSONAL NAME | |
| Personal name | Mcgill, Ian. |
| 9 (RLIN) | 41022 |
| 942 ## - ADDED ENTRY ELEMENTS (KOHA) | |
| Source of classification or shelving scheme | Dewey Decimal Classification |
| Koha item type | Book |
| Edition | 2nd |
| Call number prefix | 658.3124 BROA |
| Withdrawn status | Lost status | Source of classification or shelving scheme | Damaged status | Not for loan | Collection code | Home library | Current library | Date acquired | Cost, normal purchase price | Inventory number | Total Checkouts | Full call number | Barcode | Date last seen | Cost, replacement price | Price effective from | Koha item type |
|---|---|---|---|---|---|---|---|---|---|---|---|---|---|---|---|---|---|
| Dewey Decimal Classification | MBA | St Aloysius Institute of Management & Information Technology | St Aloysius Institute of Management & Information Technology | 12/18/2012 | 895.00 | Bill no:913; Bill dt:2012-11-01 | 658.3124 BROA | MBA10329 | 05/23/2026 | 671.25 | 07/16/2021 | Book | |||||
| Dewey Decimal Classification | MBA | St Aloysius Institute of Management & Information Technology | St Aloysius Institute of Management & Information Technology | 09/12/2013 | 895.00 | Bill no:1618; Bill dt:2013-05-20 | 658.3124 BROA | MBA10644 | 05/23/2026 | 671.25 | 07/16/2021 | Book |